| 000 | 00340nam a2200121 a 4500 | ||
|---|---|---|---|
| 001 | 000045161 | ||
| 005 | 20201002045929.0 | ||
| 008 | 150205s1977 pn 000 0 spa d | ||
| 040 |
_aDO-SdBNP _bspa _cBNPHU |
||
| 245 | 0 | 0 |
_aTratado del canal de Panama : _b(Torrijos - Carter). |
| 260 |
_a[Panama] : _b[s.d.], _c1977. |
||
| 300 |
_a236 p. ; _c22 cm. |
||
| 999 |
_c44650 _d44650 |
||